000 00420nam a2200181Ia 4500
001 2790
005 20260306144833.0
008 260306t1986||||xx |||||||||||||| ||spa||
041 _aESP
082 _a230
_bO688 1986
100 _aOtt, Ludwig
_eAUT
245 0 _aManual de teología dogmática
260 _c1986
300 _a750 páginas :
_c22 cm.
650 _aGEN
654 _aCHU
942 _cLIB
_dJUS
_fJUS
_2ddc
_n
999 _c2790
_d2790